विस्मरणात गेलेले खेळ (Record no. 983132)

MARC details
000 -LEADER
fixed length control field 00370nam a2200121Ia 4500
008 - FIXED-LENGTH DATA ELEMENTS--GENERAL INFORMATION
fixed length control field 151001s9999||||xx |||||||||||||| ||und||
100 ## - MAIN ENTRY--PERSONAL NAME
Personal name वैशाली चिटणीस
245 ## - TITLE STATEMENT
Title विस्मरणात गेलेले खेळ
250 ## - EDITION STATEMENT
Edition statement 1
260 ## - PUBLICATION, DISTRIBUTION, ETC. (IMPRINT)
Name of publisher, distributor, etc जयदीप प्रकाशन पुणे
300 ## - PHYSICAL DESCRIPTION
Extent 31
365 ## - TRADE PRICE
Price amount 21

No items available.